书目信息 |
| 题名: |
跨栏
|
|
| 作者: | 帖佐宽章 | |
| 分册: | ||
| 出版信息: | 北京 人民体育出版社 2001 |
|
| 页数: | 162 | |
| 开本: | 20cm | |
| 丛书名: | 青少年田径技术训练丛书 | |
| 单 册: | ||
| 中图分类: | G822.6 | |
| 科图分类: | ||
| 主题词: | 田径运动 | |
| 电子资源: | ||
| ISBN: | 7-5009-2125-x | |
| 000 | 00582nam0 2200205 450 | |
| 001 | 0736480453 | |
| 005 | 20070817100800.46 | |
| 010 | @a7-5009-2125-x@d¥10.00 | |
| 100 | @a20070817d km y0chiy0120 ea | |
| 101 | 0 | @achi |
| 200 | 1 | @a跨栏@Akua lan@f(日)帖佐宽章@F(ri)tie zuo kuan zhang |
| 210 | @a北京@c人民体育出版社@d2001 | |
| 215 | @a162@d20cm | |
| 225 | 2 | @a青少年田径技术训练丛书 |
| 410 | 0 | @12001 @a青少年田径技术训练丛书 |
| 606 | 0 | @a田径运动 |
| 690 | @aG822.6@v3 | |
| 701 | 0 | @a帖佐宽章@Atie zuo kuan zhang |
| 801 | 0 | @aCN@bPFT@c20070817 |
| 905 | @a213230@dG822.6@et36@f1 | |
| 跨栏/(日)帖佐宽章.-北京:人民体育出版社,2001 |
| 162;20cm.-(青少年田径技术训练丛书) |
| ISBN 7-5009-2125-x:¥10.00 |
| ● |
| 相关链接 |
|
|
|
|
正题名:跨栏
索取号:G822.6/t36
 
预约/预借
| 序号 | 登录号 | 条形码 | 馆藏地/架位号 | 状态 | 备注 |
| 1 | 6902031 | 269020310 | 密集书库-体育系/ [索取号:G822.6/t36] | 在馆 |